[Event "DEM U16 2004"]
[Site "Willingen GER"]
[Date "2004.05.31"]
[Round "3"]
[White "Feuerstack, Aljoscha"]
[Black "Behm, Simon"]
[Result "1/2-1/2"]
[Termination "normal"]
[Board "4"]
[WhiteElo "2279"]
[BlackElo "2071"]
[PlyCount "39"]
[WhiteFideId "4681932"]
[BlackFideId "4691962"]
[EventCountry "GER"]
[EventRounds "9"]
[EventType "swiss"]
[EventDate "2004.05.29"]

1. e4 c5 2. Nf3 Nc6 3. d4 cxd4 4. Nxd4 Nf6 5. Nc3 e5 6. Ndb5 d6 7. Bg5 a6 8.
Na3 b5 9. Nd5 Be7 10. Bxf6 Bxf6 11. c3 O-O 12. Nc2 Bg5 13. h4 Bh6 14. g4 Bf4
15. Qf3 Be6 16. Nxf4 Qf6 17. g5 Qxf4 18. Qxf4 exf4 19. a3 Bg4 20. Be2 1/2-1/2

[Event "DEM U16 2004"]
[Site "Willingen GER"]
[Date "2004.05.31"]
[Round "3"]
[White "Krug, Kevin"]
[Black "Brener, Ilja"]
[Result "1-0"]
[Termination "normal"]
[Board "5"]
[WhiteElo "2066"]
[BlackElo "2263"]
[PlyCount "77"]
[WhiteFideId "24609110"]
[BlackFideId "4688201"]
[EventCountry "GER"]
[EventRounds "9"]
[EventType "swiss"]
[EventDate "2004.05.29"]

1. e4 e5 2. Nf3 Nc6 3. Bc4 Bc5 4. c3 Nf6 5. d4 exd4 6. cxd4 Bb4+ 7. Nc3 Nxe4 8.
O-O Bxc3 9. d5 Bf6 10. Re1 Ne7 11. Rxe4 d6 12. Bg5 Bxg5 13. Nxg5 h6 14. Qe2
hxg5 15. Re1 Be6 16. Re3 O-O 17. dxe6 f6 18. Rh3 g6 19. f4 gxf4 20. Qf2 Kg7 21.
Qxf4 g5 22. Qf3 Rh8 23. Rf1 Ng6 24. Rxh8 Kxh8 25. Qh5+ Kg7 26. Bd3 Qe8 27. Re1
Nf8 28. Qg4 Qe7 29. Qf5 c6 30. h4 Re8 31. Re3 Kg8 32. hxg5 fxg5 33. Rg3 Nxe6
34. Qg6+ Kf8 35. Rh3 Qg7 36. Qf5+ Kg8 37. Rh7 Qd4+ 38. Kh1 Ng7 39. Rh8+ 1-0

[Event "DEM U16 2004"]
[Site "Willingen GER"]
[Date "2004.05.31"]
[Round "3"]
[White "Lutz, Dieter"]
[Black "Rehberg, Raphael"]
[Result "1/2-1/2"]
[Termination "normal"]
[Board "6"]
[WhiteElo "2153"]
[BlackElo "2056"]
[PlyCount "95"]
[WhiteFideId "4667565"]
[BlackFideId "4686799"]
[EventCountry "GER"]
[EventRounds "9"]
[EventType "swiss"]
[EventDate "2004.05.29"]

1. e4 c5 2. Nf3 e6 3. d4 cxd4 4. Nxd4 a6 5. Bd3 Nf6 6. O-O Qc7 7. Qe2 Bc5 8.
Nb3 Ba7 9. e5 Nd5 10. c4 Nb4 11. Bf4 Nxd3 12. Qxd3 f6 13. Qd6 Qxd6 14. exd6 Nc6
15. Nc3 Kf7 16. Rfd1 b6 17. a3 Bb7 18. Rac1 g5 19. Be3 Ne5 20. Na4 b5 21. cxb5
Bxe3 22. fxe3 axb5 23. Nac5 Bd5 24. Nd4 Rab8 25. e4 Ba8 26. Nf3 Nxf3+ 27. gxf3
Bc6 28. Kf2 b4 29. Na6 bxa3 30. Nxb8 axb2 31. Rxc6 Rxb8 32. Rc7 b1=Q 33. Rxb1
Rxb1 34. Rxd7+ Kg6 35. Ke2 Rb4 36. Ke3 e5 37. Rd8 Rd4 38. d7 Kg7 39. Kf2 h5 40.
Kg3 Kf7 41. h4 gxh4+ 42. Kxh4 Ke7 43. Ra8 Rxd7 44. Kxh5 Rd3 45. Ra7+ Ke6 46.
Ra6+ Kf7 47. Kg4 Rb3 48. Rc6 1/2-1/2

[Event "DEM U16 2004"]
[Site "Willingen GER"]
[Date "2004.05.31"]
[Round "3"]
[White "Klaus, Christian"]
[Black "Siebarth, Raiko"]
[Result "0-1"]
[Termination "normal"]
[Board "7"]
[WhiteElo "2061"]
[BlackElo "2123"]
[PlyCount "100"]
[WhiteFideId "4696395"]
[BlackFideId "4674766"]
[EventCountry "GER"]
[EventRounds "9"]
[EventType "swiss"]
[EventDate "2004.05.29"]

1. e4 c5 2. d3 d6 3. g3 Nc6 4. Bg2 g6 5. f4 Bg7 6. Nf3 e6 7. O-O Nge7 8. c3 O-O
9. Na3 Rb8 10. Nc2 b5 11. a3 Bb7 12. Be3 Qc7 13. d4 Na5 14. Nd2 Nc4 15. Nxc4
bxc4 16. Qe2 Ba6 17. Rfb1 Rb3 18. Qf2 Rfb8 19. Bc1 Nc6 20. Nb4 cxb4 21. axb4
Bc8 22. Bf3 Nxb4 23. cxb4 Qb6 24. e5 dxe5 25. fxe5 Rxb4 26. Ra3 Rb3 27. Rba1
Bb7 28. Bxb7 Rxb7 29. Ra6 Qc7 30. R1a2 h5 31. Qg2 R3b6 32. R6a3 Bf8 33. Rf3 Rb3
34. Ra6 Qd7 35. Rxb3 Rxb3 36. Qe4 Rd3 37. Be3 Qb5 38. Rxa7 Rd1+ 39. Kg2 Qxb2+
40. Kh3 Qe2 41. Ra8 g5 42. d5 Qf1+ 43. Qg2 g4+ 44. Kh4 Qxg2 45. Bc5 Qxh2+ 46.
Kg5 Qd2+ 47. Kxh5 Rh1+ 48. Kxg4 Qe2+ 49. Kf4 Rf1+ 50. Kg5 Rf5+ 0-1

[Event "DEM U16 2004"]
[Site "Willingen GER"]
[Date "2004.05.31"]
[Round "3"]
[White "Bubolz, Konstantin"]
[Black "Grimberg, Boris"]
[Result "0-1"]
[Termination "normal"]
[Board "8"]
[WhiteElo "2015"]
[BlackElo "2111"]
[PlyCount "70"]
[WhiteFideId "24610194"]
[BlackFideId "4697499"]
[EventCountry "GER"]
[EventRounds "9"]
[EventType "swiss"]
[EventDate "2004.05.29"]

1. d4 Nf6 2. c4 e6 3. Nc3 d5 4. cxd5 exd5 5. Bg5 Be7 6. e3 c6 7. Qc2 Nbd7 8.
Bd3 O-O 9. Nge2 Re8 10. O-O Nf8 11. f3 b6 12. Rad1 Ng6 13. Kh1 Nh5 14. Bxe7
Qxe7 15. e4 Nhf4 16. e5 Nxd3 17. Qxd3 f6 18. f4 fxe5 19. dxe5 Rf8 20. Qe3 Ba6
21. Rf2 Rad8 22. e6 Nh4 23. Nd4 Bb7 24. g3 Nf5 25. Nxf5 Rxf5 26. Kg1 c5 27. g4
Rff8 28. Qe2 d4 29. Na4 Rd6 30. f5 Qe8 31. b3 Qc6 32. Rff1 d3 33. Qd2 Qh1+ 34.
Kf2 Qf3+ 35. Ke1 Rxe6+ 0-1

[Event "DEM U16 2004"]
[Site "Willingen GER"]
[Date "2004.05.31"]
[Round "3"]
[White "Lieder, Konrad"]
[Black "Hauser, Carlos"]
[Result "0-1"]
[Termination "normal"]
[Board "9"]
[WhiteElo "2087"]
[BlackElo "2025"]
[PlyCount "58"]
[WhiteFideId "4692721"]
[BlackFideId "24608238"]
[EventCountry "GER"]
[EventRounds "9"]
[EventType "swiss"]
[EventDate "2004.05.29"]

1. d4 d5 2. c4 c6 3. Nc3 Nf6 4. Nf3 dxc4 5. a4 Bf5 6. Ne5 Nbd7 7. Nxc4 Qc7 8.
g3 e5 9. dxe5 Nxe5 10. Bf4 Nfd7 11. Bg2 f6 12. O-O Nc5 13. e4 Bg6 14. Qe2 Bf7
15. Nxe5 fxe5 16. Be3 Be7 17. f4 O-O 18. fxe5 Be6 19. Rad1 Nd7 20. Rxf8+ Bxf8
21. Bf4 Nxe5 22. Qh5 Qb6+ 23. Kh1 Ng4 24. h3 Nf2+ 25. Kh2 Nxd1 26. Nxd1 Rd8 27.
Be5 Qc5 28. Nc3 Rd2 29. b4 Qf2 0-1

[Event "DEM U16 2004"]
[Site "Willingen GER"]
[Date "2004.05.31"]
[Round "3"]
[White "Elstner, Eik"]
[Black "Kaufmann, Benjamin"]
[Result "1/2-1/2"]
[Termination "normal"]
[Board "10"]
[WhiteElo "2103"]
[BlackElo "1750"]
[PlyCount "63"]
[WhiteFideId "24605581"]
[BlackFideId "24613525"]
[EventCountry "GER"]
[EventRounds "9"]
[EventType "swiss"]
[EventDate "2004.05.29"]

1. d4 d5 2. c4 e6 3. Nc3 Nf6 4. cxd5 exd5 5. Bg5 c6 6. e3 Be7 7. Qc2 O-O 8. Bd3
Nbd7 9. Nf3 Re8 10. O-O Nf8 11. h3 Be6 12. Rab1 a6 13. Rfc1 Nh5 14. Bxe7 Qxe7
15. Na4 g6 16. Nc5 Ng7 17. Nxe6 Ngxe6 18. b4 Nd7 19. a4 Qd6 20. Nd2 f5 21. b5
axb5 22. axb5 Rec8 23. bxc6 bxc6 24. Rb3 c5 25. dxc5 Rxc5 26. Qb2 Rxc1+ 27.
Qxc1 Ndc5 28. Ra3 Rxa3 29. Qxa3 Ne4 30. Qxd6 Nxd6 31. Bb1 Ne4 32. Nxe4 1/2-1/2

[Event "DEM U16 2004"]
[Site "Willingen GER"]
[Date "2004.05.31"]
[Round "3"]
[White "Nuber, Korbinian"]
[Black "Ratkovitch, Dimitri"]
[Result "1/2-1/2"]
[Termination "normal"]
[Board "11"]
[WhiteElo "2004"]
[BlackElo "2099"]
[PlyCount "94"]
[WhiteFideId "24607231"]
[BlackFideId "24608050"]
[EventCountry "GER"]
[EventRounds "9"]
[EventType "swiss"]
[EventDate "2004.05.29"]

1. e4 d6 2. d4 g6 3. Nc3 c6 4. f4 d5 5. Nf3 dxe4 6. Nxe4 Bg7 7. c3 Nf6 8. Bd3
Nxe4 9. Bxe4 Nd7 10. Qc2 Nf6 11. Bd3 e6 12. Bd2 O-O 13. O-O-O Qa5 14. Kb1 Bd7
15. h3 Rac8 16. g4 c5 17. dxc5 Qxc5 18. Nd4 Nd5 19. Nb3 Qb6 20. c4 Nb4 21. Bxb4
Qxb4 22. Qd2 Qe7 23. Rh2 Rfd8 24. Qe3 Ba4 25. Rhd2 Bxb3 26. axb3 Bd4 27. Qe4
Bf6 28. Bc2 a5 29. f5 Rxd2 30. Rxd2 exf5 31. Qxe7 Bxe7 32. gxf5 b6 33. fxg6
hxg6 34. Be4 Kg7 35. Rd7 Kf6 36. Rb7 Bc5 37. Bd5 Rf8 38. Kc2 g5 39. Kd3 Kg6 40.
Rc7 f5 41. Rc6+ Kh5 42. Ke2 Kh4 43. Kf3 g4+ 44. Kf4 Rh8 45. hxg4 fxg4 46. Rf6
Kh3 47. Be6 Rf8 1/2-1/2

[Event "DEM U16 2004"]
[Site "Willingen GER"]
[Date "2004.05.31"]
[Round "3"]
[White "Zebisch, Paul"]
[Black "Rietze, Clemens"]
[Result "1-0"]
[Termination "normal"]
[Board "12"]
[WhiteElo "1987"]
[BlackElo "1835"]
[PlyCount "83"]
[WhiteFideId "24601535"]
[BlackFideId "24620351"]
[EventCountry "GER"]
[EventRounds "9"]
[EventType "swiss"]
[EventDate "2004.05.29"]

1. e4 c6 2. d4 d5 3. exd5 cxd5 4. c4 Nf6 5. Nc3 g6 6. cxd5 Bg7 7. Bc4 O-O 8.
Nge2 Nbd7 9. Bf4 Nb6 10. Qb3 Bf5 11. Rd1 Rc8 12. Bd3 Bxd3 13. Rxd3 Nfxd5 14.
Be3 Rc4 15. Nxd5 Qxd5 16. O-O Rfc8 17. Qa3 Rc2 18. Nf4 Qf5 19. Rc3 R8xc3 20.
bxc3 e5 21. dxe5 Bxe5 22. Qxa7 Nc4 23. Nd5 Qh5 24. h3 Nxe3 25. Qxe3 Rxa2 26. f4
Re2 27. Qb6 Bh8 28. Qd8+ Kg7 29. Nf6 Qc5+ 30. Kh1 Qc6 31. Qg8+ Kxf6 32. Qxh8+
Ke7 33. Rg1 Qf6 34. Qc8 Qc6 35. Qg4 Qe6 36. Qg5+ Qf6 37. Qb5 Rc2 38. Qc5+ Qd6
39. Re1+ Kd7 40. Qb5+ Kc7 41. Qa5+ Qb6 42. Re7+ 1-0

[Event "DEM U16 2004"]
[Site "Willingen GER"]
[Date "2004.05.31"]
[Round "3"]
[White "Strache, Michael"]
[Black "Kesten, Sebastian"]
[Result "1-0"]
[Termination "normal"]
[Board "13"]
[WhiteElo "2031"]
[BlackElo "1835"]
[PlyCount "67"]
[WhiteFideId "4693183"]
[BlackFideId "24616214"]
[EventCountry "GER"]
[EventRounds "9"]
[EventType "swiss"]
[EventDate "2004.05.29"]

1. e4 c5 2. Nc3 Nc6 3. f4 g6 4. Nf3 Bg7 5. d3 e6 6. g3 Nge7 7. Bg2 Rb8 8. O-O
b5 9. h3 O-O 10. Kh2 b4 11. Ne2 d5 12. e5 Qc7 13. g4 c4 14. d4 a5 15. h4 Ba6
16. Rf2 Qb6 17. Bh3 b3 18. axb3 cxb3 19. c3 Bc4 20. Rg2 Kh8 21. h5 Nd8 22. f5
exf5 23. h6 fxg4 24. hxg7+ Kxg7 25. Bxg4 Ne6 26. Qd2 Ng8 27. Ng3 Kh8 28. Ng5
Nxg5 29. Qxg5 f6 30. exf6 Nxf6 31. Bf4 Nxg4+ 32. Qxg4 Rb7 33. Be5+ Kg8 34. Nf5
1-0

[Event "DEM U16 2004"]
[Site "Willingen GER"]
[Date "2004.05.31"]
[Round "3"]
[White "Denker, Stephan"]
[Black "Schäfer, Martin"]
[Result "1-0"]
[Termination "normal"]
[Board "14"]
[WhiteElo "1920"]
[BlackElo "1747"]
[PlyCount "93"]
[WhiteFideId "24605565"]
[EventCountry "GER"]
[EventRounds "9"]
[EventType "swiss"]
[EventDate "2004.05.29"]

1. e4 e6 2. d4 d5 3. e5 c5 4. c3 Nc6 5. Nf3 Qb6 6. a3 a5 7. Bd3 Bd7 8. O-O cxd4
9. cxd4 Nxd4 10. Nxd4 Qxd4 11. Nc3 Qxe5 12. Re1 Qd6 13. Nb5 Qb6 14. Be3 Qd8 15.
Bf4 Rc8 16. Qf3 Nf6 17. Rac1 Bc6 18. Na7 Ra8 19. Nxc6 bxc6 20. Rxc6 Be7 21.
Rec1 O-O 22. Bc7 Qe8 23. Bb5 Bd8 24. Bd6 Be7 25. Rc7 Qxb5 26. Bxe7 Qxb2 27.
Bxf8 Kxf8 28. Qg3 Qb6 29. Rc8+ Rxc8 30. Rxc8+ Ke7 31. Qc7+ Qxc7 32. Rxc7+ Kd6
33. Rxf7 d4 34. Kf1 Kd5 35. Ke2 Kc4 36. Rc7+ Kb3 37. Kd3 e5 38. Rxg7 Kxa3 39.
Rb7 Nd5 40. Rb5 Nb4+ 41. Kc4 Kb2 42. Rxa5 Nc6 43. Rc5 e4 44. Rxc6 d3 45. Rd6
Kc2 46. g4 Kd2 47. Kd4 1-0

[Event "DEM U16 2004"]
[Site "Willingen GER"]
[Date "2004.06.01"]
[Round "4"]
[White "Bäumler, Ilja"]
[Black "Armbrust, Florian"]
[Result "0-1"]
[Termination "normal"]
[Board "1"]
[WhiteElo "2163"]
[BlackElo "2195"]
[PlyCount "84"]
[WhiteFideId "4681070"]
[BlackFideId "4691350"]
[EventCountry "GER"]
[EventRounds "9"]
[EventType "swiss"]
[EventDate "2004.05.29"]

1. e4 c5 2. c3 g6 3. d4 cxd4 4. cxd4 d5 5. exd5 Nf6 6. Bb5+ Nbd7 7. Nc3 Bg7 8.
d6 exd6 9. Nf3 O-O 10. O-O a6 11. Bc4 b5 12. Bb3 Bb7 13. Bg5 Qa5 14. Bf4 b4 15.
Nb1 Ne4 16. Nbd2 Qf5 17. Be3 Nxd2 18. Nxd2 Nf6 19. Nc4 Rad8 20. f3 Nd5 21. Bf2
Nf4 22. Ne3 Qg5 23. h4 Qh5 24. Re1 Bf6 25. Bg3 Nd5 26. Nxd5 Bxd5 27. Bxd5 Qxd5
28. Bf2 Rfe8 29. Qd2 a5 30. b3 Kg7 31. Qf4 Rc8 32. Rxe8 Rxe8 33. Rc1 Re2 34.
Rc4 Rxa2 35. Be3 Qh5 36. Qxd6 Ra1+ 37. Bc1 Qxh4 38. g3 Qg5 39. Qc7 Qe3+ 40. Kg2
Qe2+ 41. Kh3 Ra2 42. Rc6 h5 0-1

[Event "DEM U16 2004"]
[Site "Willingen GER"]
[Date "2004.06.01"]
[Round "4"]
[White "Behm, Simon"]
[Black "Frübing, Stefan"]
[Result "0-1"]
[Termination "normal"]
[Board "2"]
[WhiteElo "2071"]
[BlackElo "2155"]
[PlyCount "208"]
[WhiteFideId "4691962"]
[BlackFideId "4682165"]
[EventCountry "GER"]
[EventRounds "9"]
[EventType "swiss"]
[EventDate "2004.05.29"]

1. d4 Nf6 2. c4 g6 3. Nc3 Bg7 4. e4 d6 5. Nf3 O-O 6. Be2 e5 7. O-O exd4 8. Nxd4
Re8 9. f3 Nc6 10. Be3 Nh5 11. Qd2 Nf4 12. Rfd1 Nxe2+ 13. Ncxe2 Nxd4 14. Bxd4
Be6 15. b3 Bxd4+ 16. Qxd4 Qg5 17. Nc3 b6 18. Rac1 Rac8 19. Rc2 Qc5 20. Rf2 Qxd4
21. Rxd4 f5 22. exf5 Bxf5 23. g4 Be6 24. Ne4 Kg7 25. g5 Bh3 26. Rfd2 Bf5 27.
Nf6 Re1+ 28. Kf2 h6 29. f4 Re6 30. h4 Rh8 31. Kf3 Re1 32. Re2 Rxe2 33. Kxe2 Kf7
34. Kf3 Ke6 35. Nd5 Kd7 36. Ne3 Be6 37. h5 hxg5 38. hxg6 gxf4 39. Nd5 Bxd5+ 40.
Rxd5 Rg8 41. Rg5 Ke6 42. Kxf4 Kf6 43. Rg3 Rxg6 44. Rh3 Ke6 45. Rh7 Rf6+ 46. Ke3
Rf7 47. Rh3 Rg7 48. a3 Kd7 49. Kd4 Kc6 50. Kc3 b5 51. cxb5+ Kxb5 52. Rf3 Kc5
53. Kd3 Rg1 54. Kc3 a6 55. Rf5+ d5 56. b4+ Kc6 57. Rf6+ Kb7 58. Rf3 c6 59. Rf7+
Kb6 60. Rf8 Rg3+ 61. Kb2 Kb5 62. Rf6 Rg2+ 63. Kc3 Rg3+ 64. Kb2 Rg5 65. Kc3 Rg4
66. Kb2 Rc4 67. Rf8 Kb6 68. Rb8+ Kc7 69. Ra8 Kb7 70. Rd8 Rh4 71. Rd7+ Kb6 72.
Rd8 a5 73. Kc3 Rh3+ 74. Kb2 axb4 75. axb4 Kb5 76. Rb8+ Kc4 77. Rb6 Rb3+ 78. Kc2
Rc3+ 79. Kd2 Kd4 80. Rb8 Rh3 81. Rb6 Rc3 82. Rb8 Rc4 83. Rc8 Ke5 84. Re8+ Kd6
85. b5 cxb5 86. Rd8+ Kc5 87. Rc8+ Kd4 88. Rb8 Rb4 89. Rb7 Rb3 90. Rb8 b4 91.
Kc2 Rc3+ 92. Kd2 Kc4 93. Rc8+ Kb3 94. Rd8 Rc5 95. Kd3 Kb2 96. Kd4 Rc1 97. Rb8
Rd1+ 98. Kc5 b3 99. Kb4 Rc1 100. Rd8 Rc4+ 101. Kb5 Rd4 102. Kc5 Rd3 103. Kb4
Kb1 104. Rc8 b2 0-1

[Event "DEM U16 2004"]
[Site "Willingen GER"]
[Date "2004.06.01"]
[Round "4"]
[White "Figura, Atila Gajo"]
[Black "Krug, Kevin"]
[Result "1-0"]
[Termination "normal"]
[Board "3"]
[WhiteElo "2154"]
[BlackElo "2066"]
[PlyCount "27"]
[WhiteFideId "4688058"]
[BlackFideId "24609110"]
[EventCountry "GER"]
[EventRounds "9"]
[EventType "swiss"]
[EventDate "2004.05.29"]

1. d4 Nc6 2. d5 Ne5 3. e4 e6 4. Nf3 Ng6 5. dxe6 fxe6 6. h4 Bc5 7. h5 N6e7 8. h6
g6 9. Bg5 d6 10. Nc3 c6 11. Qd2 d5 12. Qf4 Qb6 13. O-O-O Bd7 14. Qe5 1-0

[Event "DEM U16 2004"]
[Site "Willingen GER"]
[Date "2004.06.01"]
[Round "4"]
[White "Abel, Dennes"]
[Black "Müller, Philipp"]
[Result "1/2-1/2"]
[Termination "normal"]
[Board "4"]
[WhiteElo "2143"]
[BlackElo "1785"]
[PlyCount "34"]
[WhiteFideId "24605417"]
[BlackFideId "24620262"]
[EventCountry "GER"]
[EventRounds "9"]
[EventType "swiss"]
[EventDate "2004.05.29"]

1. c4 Nf6 2. Nc3 g6 3. g3 Bg7 4. Bg2 d6 5. e4 O-O 6. Nge2 e5 7. O-O Nc6 8. d3
Ne8 9. Be3 f5 10. Qd2 Nf6 11. Bg5 Ne7 12. Nd5 c6 13. Nxe7+ Qxe7 14. b4 Qf7 15.
c5 d5 16. exd5 Nxd5 17. d4 f4 1/2-1/2

[Event "DEM U16 2004"]
[Site "Willingen GER"]
[Date "2004.06.01"]
[Round "4"]
[White "Grimberg, Boris"]
[Black "Siebarth, Raiko"]
[Result "1/2-1/2"]
[Termination "normal"]
[Board "5"]
[WhiteElo "2111"]
[BlackElo "2123"]
[PlyCount "87"]
[WhiteFideId "4697499"]
[BlackFideId "4674766"]
[EventCountry "GER"]
[EventRounds "9"]
[EventType "swiss"]
[EventDate "2004.05.29"]

1. d4 Nf6 2. Nf3 g6 3. c4 Bg7 4. g3 O-O 5. Bg2 d6 6. O-O Nc6 7. Nc3 a6 8. h3
Rb8 9. a4 e5 10. e4 exd4 11. Nxd4 Nxd4 12. Qxd4 Nd7 13. Qd3 Ne5 14. Qe2 Be6 15.
Nd5 c6 16. Ne3 Qb6 17. Rb1 Qb3 18. Qd1 Qxd1 19. Rxd1 Nxc4 20. Nxc4 Bxc4 21. b3
Be6 22. Rxd6 Be5 23. Rd1 Rfd8 24. Rxd8+ Rxd8 25. Bb2 Bxb2 26. Rxb2 Rd1+ 27. Kh2
Rd4 28. b4 b6 29. a5 bxa5 30. bxa5 Ra4 31. Rb6 Rxa5 32. Rxc6 Ra2 33. g4 a5 34.
f4 a4 35. f5 Bb3 36. Kg3 g5 37. Rb6 Kg7 38. e5 Re2 39. Rb5 a3 40. Rxb3 a2 41.
Ra3 Re3+ 42. Rxe3 a1=Q 43. e6 Qa4 44. Re4 1/2-1/2

[Event "DEM U16 2004"]
[Site "Willingen GER"]
[Date "2004.06.01"]
[Round "4"]
[White "Hauser, Carlos"]
[Black "Lutz, Dieter"]
[Result "1-0"]
[Termination "normal"]
[Board "6"]
[WhiteElo "2025"]
[BlackElo "2153"]
[PlyCount "129"]
[WhiteFideId "24608238"]
[BlackFideId "4667565"]
[EventCountry "GER"]
[EventRounds "9"]
[EventType "swiss"]
[EventDate "2004.05.29"]

1. d4 Nf6 2. c4 e6 3. Nc3 Bb4 4. Qc2 O-O 5. a3 Bxc3+ 6. Qxc3 b6 7. Bg5 Bb7 8.
e3 d6 9. f3 Nbd7 10. Nh3 h6 11. Bh4 Re8 12. Bd3 e5 13. O-O e4 14. fxe4 Bxe4 15.
Rae1 Qe7 16. Bxe4 Qxe4 17. Rf4 Qe6 18. e4 c5 19. dxc5 dxc5 20. e5 Nh7 21. Rfe4
Ndf8 22. Nf4 Qc6 23. Qg3 Kh8 24. Qg4 g5 25. Nh5 Qe6 26. Bf2 Qxg4 27. Rxg4 Ng6
28. Rge4 Re6 29. b4 cxb4 30. axb4 Rae8 31. Bd4 Kg8 32. R4e3 Rd8 33. Bc3 Rde8
34. Kf2 Ne7 35. Nf6+ Nxf6 36. exf6 Nc8 37. Rxe6 Rxe6 38. Rxe6 fxe6 39. c5 Kf7
40. Bd4 bxc5 41. bxc5 a6 42. c6 e5 43. Bxe5 Ke6 44. c7 a5 45. Ke3 a4 46. Bb2 a3
47. Bxa3 Kxf6 48. Ke4 Ke6 49. g4 Kd7 50. Kf5 Na7 51. Bc5 Nc6 52. Bb6 Ne7+ 53.
Ke5 Nc6+ 54. Kf6 Ne7 55. Kg7 Nd5 56. Ba5 Ne3 57. h3 Nc4 58. Bc3 Kxc7 59. Kxh6
Kd7 60. Kxg5 Ke7 61. Kg6 Kf8 62. Bd4 Kg8 63. h4 Nd6 64. h5 Nf7 65. h6 1-0

[Event "DEM U16 2004"]
[Site "Willingen GER"]
[Date "2004.06.01"]
[Round "4"]
[White "Rehberg, Raphael"]
[Black "Feuerstack, Aljoscha"]
[Result "0-1"]
[Termination "normal"]
[Board "7"]
[WhiteElo "2056"]
[BlackElo "2279"]
[PlyCount "52"]
[WhiteFideId "4686799"]
[BlackFideId "4681932"]
[EventCountry "GER"]
[EventRounds "9"]
[EventType "swiss"]
[EventDate "2004.05.29"]

1. e4 c5 2. Nf3 e6 3. d4 cxd4 4. Nxd4 a6 5. Nc3 Qc7 6. g3 Bb4 7. Nde2 Nf6 8.
Bg2 Be7 9. O-O O-O 10. Nd4 d6 11. Be3 Rd8 12. Qe2 Nc6 13. Rad1 Bd7 14. h3 b5
15. a3 Ne5 16. f4 Nc4 17. Bc1 Rac8 18. Rd3 a5 19. Nd1 b4 20. axb4 e5 21. Nf3
axb4 22. c3 Bb5 23. b3 Na5 24. c4 Nxb3 25. Rxb3 Bxc4 26. Qb2 Bxf1 0-1

[Event "DEM U16 2004"]
[Site "Willingen GER"]
[Date "2004.06.01"]
[Round "4"]
[White "Zebisch, Paul"]
[Black "Elstner, Eik"]
[Result "1-0"]
[Termination "normal"]
[Board "8"]
[WhiteElo "1987"]
[BlackElo "2103"]
[PlyCount "45"]
[WhiteFideId "24601535"]
[BlackFideId "24605581"]
[EventCountry "GER"]
[EventRounds "9"]
[EventType "swiss"]
[EventDate "2004.05.29"]

1. e4 e5 2. Nf3 Nc6 3. Bc4 Bc5 4. c3 Nf6 5. d4 exd4 6. cxd4 Bb4+ 7. Nc3 Nxe4 8.
O-O Bxc3 9. d5 Bf6 10. Re1 Ne7 11. Rxe4 d6 12. Bg5 Bxg5 13. Nxg5 h6 14. Qe2
hxg5 15. Re1 Be6 16. Re3 Rh6 17. dxe6 f6 18. Rh3 Rxh3 19. gxh3 g6 20. Qf3 Nf5
21. e7 Qd7 22. Qxb7 Rc8 23. Be6 1-0

[Event "DEM U16 2004"]
[Site "Willingen GER"]
[Date "2004.06.01"]
[Round "4"]
[White "Brener, Ilja"]
[Black "Strache, Michael"]
[Result "1-0"]
[Termination "normal"]
[Board "9"]
[WhiteElo "2263"]
[BlackElo "2031"]
[PlyCount "51"]
[WhiteFideId "4688201"]
[BlackFideId "4693183"]
[EventCountry "GER"]
[EventRounds "9"]
[EventType "swiss"]
[EventDate "2004.05.29"]

1. d4 f5 2. g3 g6 3. h4 Nf6 4. h5 Bg7 5. h6 Bf8 6. c4 c5 7. d5 b5 8. Bg2 d6 9.
Nh3 Nbd7 10. Nf4 Ne5 11. cxb5 Qb6 12. Nc3 Neg4 13. Ne6 Qb7 14. Bf3 Ne5 15. Bg5
Nf7 16. Bxf6 exf6 17. Nxc5 dxc5 18. d6 Qb8 19. Qd5 Ne5 20. Qxa8 Nxf3+ 21. Qxf3
Bxd6 22. Rd1 Bb7 23. Qd3 Bxh1 24. Qxd6 Qxd6 25. Rxd6 Rf8 26. f3 1-0

[Event "DEM U16 2004"]
[Site "Willingen GER"]
[Date "2004.06.01"]
[Round "4"]
[White "Ratkovitch, Dimitri"]
[Black "Bubolz, Konstantin"]
[Result "0-1"]
[Termination "normal"]
[Board "10"]
[WhiteElo "2099"]
[BlackElo "2015"]
[PlyCount "98"]
[WhiteFideId "24608050"]
[BlackFideId "24610194"]
[EventCountry "GER"]
[EventRounds "9"]
[EventType "swiss"]
[EventDate "2004.05.29"]

1. e4 e6 2. d3 c5 3. Nd2 Nc6 4. Ngf3 d6 5. g3 g6 6. Bg2 Bg7 7. O-O Nge7 8. Re1
O-O 9. c3 e5 10. Nc4 h6 11. Ne3 Be6 12. Nh4 f5 13. Nd5 Qd7 14. Nxe7+ Nxe7 15.
exf5 gxf5 16. f4 Rae8 17. Be3 b6 18. Qd2 Kh7 19. Rad1 Bxa2 20. d4 cxd4 21. cxd4
e4 22. g4 Bf7 23. gxf5 Nxf5 24. Bh3 Nxh4 25. Bxd7 Nf3+ 26. Kf2 Nxd2 27. Bxe8
Nf3 28. Bxf7 Nxe1 29. Bd5 Nd3+ 30. Kg3 Nxb2 31. Rd2 Na4 32. Bc6 Nc3 33. Rc2 Nd1
34. Bxe4+ Kh8 35. Bg1 Re8 36. Kf3 Bf6 37. Rc7 Re7 38. Rc2 Rg7 39. Rc8+ Rg8 40.
Rc7 Rxg1 41. Rc8+ Kg7 42. Rc7+ Kf8 43. Bd5 Rg7 44. Rc1 Nb2 45. Ke4 Re7+ 46. Kf5
Bxd4 47. Kg6 Bc5 48. f5 Rg7+ 49. Kf6 Nd3 0-1

[Event "DEM U16 2004"]
[Site "Willingen GER"]
[Date "2004.06.01"]
[Round "4"]
[White "Nuber, Korbinian"]
[Black "Lieder, Konrad"]
[Result "0-1"]
[Termination "normal"]
[Board "11"]
[WhiteElo "2004"]
[BlackElo "2087"]
[PlyCount "86"]
[WhiteFideId "24607231"]
[BlackFideId "4692721"]
[EventCountry "GER"]
[EventRounds "9"]
[EventType "swiss"]
[EventDate "2004.05.29"]

1. e4 Nf6 2. Nc3 d5 3. e5 Nfd7 4. e6 fxe6 5. d4 c5 6. dxc5 Nc6 7. Nf3 Nf6 8.
Bb5 Bd7 9. Qe2 g6 10. Bxc6 bxc6 11. O-O Bg7 12. Ng5 Qa5 13. Nxe6 Bxe6 14. Qxe6
Qxc5 15. Re1 Rd8 16. Na4 Qd6 17. Bf4 Qxe6 18. Rxe6 Ne4 19. f3 Kd7 20. Rxe4 dxe4
21. Nc5+ Ke8 22. Ne6 exf3 23. Nxg7+ Kf7 24. Be5 Rd5 25. Bc3 Rhd8 26. gxf3 e5
27. Re1 Rd1 28. Kf2 Rxe1 29. Kxe1 Rd5 30. f4 exf4 31. Kf2 Rc5 32. Kf3 Rxc3+ 33.
bxc3 Kxg7 34. Kxf4 Kf6 35. h3 g5+ 36. Kg4 Kg6 37. c4 h5+ 38. Kg3 Kf5 39. Kf3
Ke5 40. Ke3 a6 41. a3 c5 42. a4 a5 43. c3 g4 0-1

[Event "DEM U16 2004"]
[Site "Willingen GER"]
[Date "2004.06.01"]
[Round "4"]
[White "Kaufmann, Benjamin"]
[Black "Klaus, Christian"]
[Result "1/2-1/2"]
[Termination "normal"]
[Board "12"]
[WhiteElo "1750"]
[BlackElo "2061"]
[PlyCount "94"]
[WhiteFideId "24613525"]
[BlackFideId "4696395"]
[EventCountry "GER"]
[EventRounds "9"]
[EventType "swiss"]
[EventDate "2004.05.29"]

1. d4 d6 2. g3 Nf6 3. Bg2 Nbd7 4. e4 e5 5. Ne2 c6 6. a4 a5 7. Nbc3 Be7 8. O-O
O-O 9. h3 Re8 10. Be3 Bf8 11. f4 exd4 12. Bxd4 Nb6 13. Qd3 Nfd7 14. Rfe1 Qc7
15. Rad1 Nc5 16. Bxc5 dxc5 17. Nc1 Be6 18. b3 c4 19. Qf3 Rad8 20. Rxd8 Rxd8 21.
Rd1 Bb4 22. N3a2 Be7 23. Bf1 f6 24. Nc3 Bb4 25. N3a2 Rxd1 26. Qxd1 Qd6 27. Qxd6
Bxd6 28. Kf2 cxb3 29. cxb3 Nd7 30. f5 Bf7 31. Bd3 Nc5 32. Bc2 Kf8 33. Nc3 Be5
34. N3e2 Ke7 35. Ke3 Kd6 36. Bd1 Kc7 37. Bc2 b5 38. g4 Kd6 39. Nd4 bxa4 40.
bxa4 Bc4 41. Nde2 Bb2 42. h4 Ke5 43. g5 h6 44. gxf6 gxf6 45. Kf3 Ba3 46. Ke3
Bb4 47. Ng1 Bc3 1/2-1/2